Achieving millennium development goals in kenya (Record no. 633)
[ view plain ]
| 000 -LEADER | |
|---|---|
| fixed length control field | 00367nam a22001097a 4500 |
| 008 - FIXED-LENGTH DATA ELEMENTS--GENERAL INFORMATION | |
| fixed length control field | 230606b xxu||||| |||| 00| 0 eng d |
| 082 ## - DEWEY DECIMAL CLASSIFICATION NUMBER | |
| Classification number | 350.72 |
| Item number | GOK |
| 110 ## - MAIN ENTRY--CORPORATE NAME | |
| Subordinate unit | Government of kenya in collaboration with UNDP, Kenya |
| 245 ## - TITLE STATEMENT | |
| Title | Achieving millennium development goals in kenya |
| Remainder of title | A needs assessment and costing Repart |
| Statement of responsibility, etc. | Needs and Costs |
| 300 ## - PHYSICAL DESCRIPTION | |
| Extent | 238p |
| 942 ## - ADDED ENTRY ELEMENTS (KOHA) | |
| Source of classification or shelving scheme | Dewey Decimal Classification |
| Koha item type | Books |
| Withdrawn status | Lost status | Source of classification or shelving scheme | Damaged status | Not for loan | Home library | Current library | Date acquired | Total Checkouts | Full call number | Barcode | Date last seen | Price effective from | Koha item type |
|---|---|---|---|---|---|---|---|---|---|---|---|---|---|
| Dewey Decimal Classification | Bunge Tower Library | Bunge Tower Library | 06/06/2023 | 350.72 GOK | 10006565 | 06/06/2023 | 06/06/2023 | Books | |||||
| Dewey Decimal Classification | County Hall Archives | County Hall Archives | 07/03/2023 | 350.72 GOK | 10006564 | 07/03/2023 | 07/03/2023 | Books |
